000 00405nam a2200157Ia 4500
008 210716s1990 xx 000 0 und d
020 _a1850581029
041 _aeng
082 _a005.133 BACN
100 _aBackhurst, Nigel G.
245 _aC tutorial turbo c.
250 _a1
260 _aNew Delhi
_bGalgotia Publications Pvt Ltd
_c1990
300 _a300
650 _aProgramming Languages(005.13)
999 _c181960
_d181960